000 00309nam a22001337a 4500
008 170926b xxu||||| |||| 00| 0 eng d
020 _a9780205380855
041 _aeng
080 _28TH
_a37
100 _a46
101 _aEDU
245 _aORGANIZATIONAL BEHAVIOR IN EDUCATION
_cOWENS,R.G
942 _2udc
_cBK
999 _c29957
_d29957